Burroughs Day v Bristol City Council (Record no. 9791)

MARC details
000 -LEADER
fixed length control field 01390cab a2200241 4500
001 - CONTROL NUMBER
control field ABS55232
008 - FIXED-LENGTH DATA ELEMENTS--GENERAL INFORMATION
fixed length control field 090401t1996 xxu||||| |||| 00| 0 eng d
035 ## - SYSTEM CONTROL NUMBER
System control number (Sirsi) u14993
041 ## - LANGUAGE CODE
Language code of text/sound track or separate title eng
245 ## - TITLE STATEMENT
Title Burroughs Day v Bristol City Council
260 ## - PUBLICATION, DISTRIBUTION, ETC.
Date of publication, distribution, etc. 1996
350 ## - PRICE (NR) (BK AM CF MU VM SE) [OBSOLETE]
Price 0
490 ## - SERIES STATEMENT
Series statement Estates Gazette
Volume/sequential designation (9621) 11 May 1996, 126-137(7)
520 ## - SUMMARY, ETC.
Summary, etc. QBD 18 January 1996. The council (B) had refused to grant listed building consent for alterations to a listed building to accommodate a lift shaft within a roof valley. An appeal by BD was dismissed by the SoS, noting that the special interest of the building would be reduced by the loss of r the original characteristic valley gutter shape of the roof. BD were concerned to establish a claim for compensation for refusal of listed building consent under Planning (Listed Buildings and Conservation Areas) Act 1990 and sought a declaration that works for which consent had been sought did not constitute development within TCPA 1990 s55. Declaration granted. The works did not amount to development within the meaning of the 1990 Act s55(2)(a)(ii).
650 ## - SUBJECT ADDED ENTRY--TOPICAL TERM
Topical term or geographic name entry element COMPENSATION
650 ## - SUBJECT ADDED ENTRY--TOPICAL TERM
Topical term or geographic name entry element LISTED BUILDING CONSENT
650 ## - SUBJECT ADDED ENTRY--TOPICAL TERM
Topical term or geographic name entry element PLANNING PERMISSION
650 ## - SUBJECT ADDED ENTRY--TOPICAL TERM
Topical term or geographic name entry element REFUSAL
650 ## - SUBJECT ADDED ENTRY--TOPICAL TERM
Topical term or geographic name entry element TOWN AND COUNTRY PLANNING ACT 1990 S55(2)(A)(II)
690 ## - LOCAL SUBJECT ADDED ENTRY--TOPICAL TERM (OCLC, RLIN)
Topical term or geographic name as entry element PLANNING LAW AND PRACTICE-CASE LAW
942 ## - ADDED ENTRY ELEMENTS (KOHA)
Suppress in OPAC 0
948 ## - LOCAL PROCESSING INFORMATION (OCLC); SERIES PART DESIGNATOR (RLIN)
c (OCLC) 04/03/1997
Holdings
Withdrawn status Lost status Source of classification or shelving scheme Damaged status Not for loan Home library Current library Shelving location Date acquired Total Checkouts Full call number Barcode Date last seen Copy number Price effective from Koha item type
    Dewey Decimal Classification     London London Journal article 14/09/1999   ABS55232 14993-1001 06/08/2019 1 06/08/2019 Law report